000 00878nam a2200265 4500
003 DO-SdBNP
005 20220412133732.0
007 ta
008 210616b2017 dr 0 eng d s spfspa
020 4 _a9789945608038
040 4 _aDO-SdBNP
_bspa
_cBNPHU
082 4 _aPR863.44
_bR788L
_222
100 1 _922869
_aRosa Vélez, Ángel Luis,
_d1950-
245 1 3 _aEl lenguaje del olvido /
_cÁngel Luis Rosa Vélez.
260 _aSan Juan, Puerto Rico :
_bIsla Negra,
_c2017.
300 _a169 p. :
_c21 cm.
490 _aLa montaña de papel
500 _aIncluye datos biográficos del autor en la solapa de la cubierta.
590 _aInventariado, 2021 / SA
650 4 _aNovela puertorriqueña
_91185
650 4 _aLiteratura puertorriqueña
_979483
830 0 _nLa montaña de papel
_978867
910 _aValidado MFF/Validado. Control de calidad MFF
942 _2ddc
_cLBS1
999 _c49933
_d49933